Les 25 plus grandes villes d'Europe en 1700 - Statistiques

Statistiques générales
  • Ce quiz a été pris 218 fois
  • Le résultat moyen est 18 sur 25
Statistiques - réponses
Villes % Correct
Paris
100%
Londres
99%
Madrid
97%
Rome
97%
Marseille
95%
Lyon
93%
Milan
93%
Moscou
93%
Amsterdam
88%
Lisbonne
87%
Naples
86%
Vienne
86%
Bruxelles
80%
Venise
75%
Hambourg
67%
Copenhague
64%
Dublin
60%
Gênes
55%
Séville
55%
Florence
51%
Anvers
48%
Palerme
43%
Bologne
24%
Grenade
17%
Leyde
2%
Aucun quiz correspondant
Distribution des résultats
% des personnes avec chaque résultat
Percentile par nombre de réponses
Votre historique - résultats
Vous n’avez pas pris ce quiz